Multiple Word Countries Quiz Stats

 Plays Quiz Updated Jan 13, 2021

     
Support Sporcle.
Go Orange.
Score 0/34 Timer 06:00
7 Plays Today
Country % Correct
South Africa
88.7%
United States
88.2%
New Zealand
87%
South Korea
84.8%
North Korea
84.4%
United Kingdom
82.4%
Democratic Republic of the Congo
79.3%
Dominican Republic
76.3%
South Sudan
76.2%
Trinidad and Tobago
73%
Vatican City
71.7%
Papua New Guinea
69.9%
Bosnia and Herzegovina
69.2%
Costa Rica
69%
El Salvador
68.9%
Central African Republic
68.6%
Saint Kitts and Nevis
68.3%
Country % Correct
San Marino
68.3%
Republic of the Congo
67.9%
United Arab Emirates
67.7%
Côte d'Ivoire
66.8%
Saudi Arabia
66.7%
Antigua and Barbuda
63.8%
Marshall Islands
62.9%
Sri Lanka
62.2%
Saint Lucia
62.2%
Saint Vincent and the Grenadines
62.1%
Equatorial Guinea
59.9%
Solomon Islands
59.2%
Cabo Verde
58.8%
Burkina Faso
58.7%
São Tomé and Príncipe
56.5%
Sierra Leone
54.6%
North Macedonia
54%

From the Vault

One-Second Clip Quiz

by km9000

Music 5m
The quiz that dares to ask, can one second of music get a song stuck in your head?
Remove Ads.
Support Sporcle.
Get the best of Sporcle when you Go Orange. This ad-free experience offers more features, more stats, and more fun while also helping to support Sporcle. Thank you for becoming a member.

Show Comments

Extras

Top Quizzes Today


Score Distribution

Your Account Isn't Verified!

In order to create a playlist on Sporcle, you need to verify the email address you used during registration. Go to your Sporcle Settings to finish the process.

Report this User

Report this user for behavior that violates our Community Guidelines.

Details: